000 00609 a2200229 4500
005 20260415113657.0
008 260415b |||||||| |||| 00| 0 eng d
020 _a9781498709286
_c£ 83.99
040 _aMAIN
082 _a615.907
_bW885P(3)
100 _aWoolley, David
245 _aPractical toxicology: Evalution, prediction, and risk
250 _a3rd
260 _bCRC Press
_aBoca Raton
_c2019
300 _axxiii, 528
650 _aToxicity Texts
650 _aToxicology- Methods
650 _aData Interpretion
650 _aRisk Assessment
700 _aWoolley, Adam
942 _cBK
999 _c395108
_d395108